000 00599nam a2200193 a 4500
001 000009467
005 20240412074211.0
008 090930s1985 dr a 000 p spa d
040 _aDO-SdBNP
_bspa
_cBNPHU
082 _aRD861.44
_bA473m
100 1 _aÁlvarez, Ildefonso M.
_924273
245 1 0 _aMaggi blues y otros poemas /
_cIdelfonso M. Álvarez.
260 _aSanto Domingo :
_bTaller,
_c1985.
300 _a87 p. :
_bil. ;
_c21 cm.
590 _aInventariado, 2018/VM
650 0 _aPoesía dominicana
_966
650 0 _aLiteratura dominicana.
_967
910 _aValidado. Control de calidad BNPHU
999 _c9227
_d9227